Cenový informačný systém ako integrálna súčasť riadenia cien

Bibliographic Details
Main Authors: Švecová, Eugenia (Author), Tomková, Daniela (Author), Švecová, Eugénia (Author)
Format: Article
Language:Slovak
Subjects:

MARC

LEADER 00000nab a2200000 a 4500
001 vtls000335286
003 SK-MaSNL
005 20260303230147.0
008 230217c1988 xo 0 slo
015 |a SNBRB19rr/mm-uuuuu 
035 |a CL0335408 
035 |a urn:nbn:sk:snk-ab79qr 
035 |a (uuid)a6455962-c5fc-404a-8938-1e83d2e47601 
035 |a (urnnbn)urn:nbn:sk:snk:ar-a07c29 
035 |a (sysno)vtls000335286 
040 |a SNKBUCL  |b slo  |c SNKBUCL  |e AACR2 
041 0 |a slo 
044 |a xo  |c SK 
080 |a 338.5:002:681.3  |2 1981 
080 |a 002  |2 1981 
080 |a 681.3  |2 1981 
100 1 |a Švecová, Eugenia  |4 aut  |9 1263895 
245 1 0 |a Cenový informačný systém ako integrálna súčasť riadenia cien  |c Eugenia Švecová, Daniela Tomková ; Eugénia Švecová 
650 0 7 |a ceny  |2 snkbucl  |9 2113 
650 0 7 |a systém cenový informačný  |2 snkbucl  |9 1263896 
655 7 |a články z novín a časopisov  |2 snkbucl  |9 267496 
700 1 |a Tomková, Daniela  |4 aut  |9 1263897 
700 1 |a Švecová, Eugénia  |4 aut  |9 1263898 
773 0 |t Ekonomika a riadenie priemyslu  |g Roč. 5, č. 3 (1988), s. 235-240 
850 |a Slovenská národná knižnica v Martine  |a MTA001 
852 |a SNK  |b KIS3GCP 
954 |a odborná, vedecká literatúra pôvodná (slovenská)  |2 lita 
958 |a RK 
958 |a OND 
958 |a EUIPO 
958 |a article27 
992 |a RBX 
999 |c 2260421  |d 2262351